000 00753 a2200241 4500
001 123019
020 _a1100161396
040 _cEscola Canadense de Niteroi
090 _aCAB
100 _aCabral, Mateus Magalhães
245 1 0 _aMy dream
250 _a1st. ed.
260 _aRio de Janeiro
300 _a15 p.
362 0 _a2017
490 0 _aColeção Aluno - Autor
520 _aResultado do projeto "Aluno-Autor" desenvolvido pela Canadian School of Niterói em parceria com a Estante Mágica. Dessa forma, os alunos puderam dar assas a sua imaginação e colocar suas histórias em formato de um livro de verdade!
650 4 _aSoccer
650 4 _aRegrets
650 4 _aSports
650 4 _aChildren's Literature
942 _cBK
999 _c123019
_d123019